25 plus grandes villes de Nouvelle-Aquitaine - Statistiques

Statistiques générales
  • Ce quiz a été pris 233 fois
  • Le résultat moyen est 17 sur 25
Statistiques - réponses
Hint Réponse % Correct
267 991 Bordeaux
99%
54 306 Bayonne
95%
79 851 La Rochelle
95%
80 441 Pau
95%
129 937 Limoges
91%
89 916 Poitiers
90%
26 206 Biarritz
86%
41 908 Angoulême
82%
78 090 Mérignac
82%
31 592 Mont-de-Marsan
82%
29 055 Périgueux
81%
59 854 Niort
76%
32 801 Agen
75%
67 339 Pessac
75%
47 095 Brive-la-Gaillarde
63%
27 110 Bergerac
62%
43 271 Anglet
58%
46 338 Talence
55%
31 831 Bègles
47%
31 003 Châtellerault
45%
27 566 La Teste-de-Buch
32%
26 834 Cenon
26%
42 545 Villenave-d'Ornon
25%
26 952 Gradignan
24%
32 910 Saint-Médard-en-Jalles
22%
Aucun quiz correspondant
Distribution des résultats
% des personnes avec chaque résultat
Percentile par nombre de réponses
Votre historique - résultats
Vous n’avez pas pris ce quiz